Powiaty województwa śląskiego - Statystyki

Ogólne statystyki
  • Ten quiz został rozwiązany 188 razy
  • Średni wynik to 23 z 36
Statystyki odpowiedzi
Powiat % Poprawnych
Katowice
91%
Sosnowiec
86%
Zabrze
86%
Częstochowa
83%
Gliwice
83%
Bytom
82%
Rybnik
80%
Chorzów
79%
Bielsko-Biała
78%
bielski
74%
Dąbrowa Górnicza
73%
częstochowski
72%
Ruda Śląska
70%
Tychy
69%
żywiecki
68%
gliwicki
66%
będziński
64%
Jastrzębie- Zdrój
64%
Jaworzno
64%
raciborski
64%
cieszyński
63%
rybnicki
63%
Mysłowice
61%
Żory
61%
Siemianowice Śląskie
59%
pszczyński
55%
zawierciański
55%
Świętochłowice
54%
wodzisławski
54%
mikołowski
52%
myszkowski
52%
Piekary Śląskie
52%
tarnogórski
45%
kłobucki
42%
lubliniecki
41%
bieruńsko- lędziński
38%
Nie znaleziono quizów pasujących do podanych kryteriów
Rozkład punktacji
Procent ludzi z każdym wynikiem
Percentyl według liczby udzielonych odpowiedzi
Twoja historia wyników
Nie rozwiązałeś tego quizu